Shaboozey Charting Songs (Billboard Hot 100) - Statistics

General Stats
  • This quiz has been taken 27 times
    6 since last reset
  • The average score is 4 of 6
Answer Stats
Album Weeks On Peak Artist(s) Song % Correct
Where I've Been, Isn't Where I'm Going 76 Weeks #1 (19 Weeks) Shaboozey A Bar Song (Tipsy)
100%
Where I've Been, Isn't Where I'm Going: The Complete Edition 46 Weeks #12 Shaboozey Good News
100%
Cowboy Carter 1 Week #31 Beyonce, Linda Martell & Shaboozey SPAGHETTII
75%
Where I've Been, Isn't Where I'm Going: The Complete Edition 46 Weeks #27 Shaboozey & Jelly Roll Amen
50%
Cowboy Carter 1 Week #61 Beyonce & Shaboozey SWEET / HONEY / BUCKIIN'
50%
I Hope You're Happy 1 Week #77 BigXthaPlug & Shaboozey Home
25%
No matching quizzes found
Score Distribution
Percent of People with Each Score
Percentile by Number Answered
Your Score History
You have not taken this quiz since the last reset